| 000 | 01788cam a22002535a 4500 | ||
|---|---|---|---|
| 001 | 18310854 | ||
| 005 | 20201128023740.0 | ||
| 008 | 140922s2015 enk frb 001 0 eng d | ||
| 020 | _a9780230292048 (pbk.) | ||
| 040 |
_aDLC _beng _cDLC _dDLC _dEG-ScBUE |
||
| 082 | 0 | 4 |
_a327.101 _222 _bLAN |
| 100 | 1 |
_aLang, Anthony F., _d1968- _940043 |
|
| 245 | 1 | 0 |
_aInternational political theory : _ban introduction / _cAnthony F. Lang. |
| 260 |
_aLondon ; _aNew York : _bPalgrave : _bMacmillan Education, _c2015. |
||
| 300 |
_axii, 234 p. ; _c24 cm. |
||
| 500 | _aIndex : p. 231-234. | ||
| 504 | _aBibliography : p. 201-230. | ||
| 505 | 8 | _aMachine generated contents note: -- 1. Introduction -- 2. Authority -- 3. Rules and Laws -- 4. Rights and Responsibilities -- 5. Wealth -- 6. Violence -- 7. Nature -- 8. Belief -- 9. Conclusion. | |
| 520 | _a"This innovative text explores international relations with the tools of political theory. In so doing, it contributes to and advances the idea of international political theory. The book focuses on four key concepts - authority, rules, rights, and responsibilities - and four important topics - wealth, violence, nature and belief. In each of these areas, the book draws on key figures in political theory to explore, explain and evaluate the current global order. Chapters address such contested issues as humanitarian intervention, LGBT rights, climate change, and our collective responsibilities for alleviating global poverty. The book invites students into a conversation about international political theory, one that will help orient them in an increasingly complicated and pluralist international order. "-- | ||
| 650 | 7 |
_aInternational relations _xPhilosophy. _2BUEsh _92834 |
|
| 651 | _2BUEsh | ||
| 653 |
_bBUSBOL _cMay2016 |
||
| 942 | _2ddc | ||
| 999 |
_c21789 _d21761 |
||